Personnages Star Wars - The Mandalorian - Serie S2 - Statistiques

Statistiques générales
  • Ce quiz a été pris 83 fois
  • Le résultat moyen est 11 sur 16
Statistiques - réponses
Par images Réponse % Correct
Grogu
100%
Luke Skywalker
100%
Ahsoka Tano
94%
Boba Fett
92%
Moff Gideon
92%
Din Djarin
90%
Bo-Katan Kryze
88%
Cara Dune
87%
Fennec Shand
85%
Morgan Elsbeth
56%
Cobb Vanth
46%
Peli Motto
42%
Koska Reeves
35%
Migs Mayfeld
35%
Carson Teva
33%
Elia Kane
27%
Aucun quiz correspondant
Distribution des résultats
% des personnes avec chaque résultat
Percentile par nombre de réponses
Votre historique - résultats
Vous n’avez pas pris ce quiz